| 000 | 00000nam##2200000za#4500 |
| 001 | 9.647420 |
| 003 | CaOODSP |
| 005 | 20210615112631 |
| 007 | ta |
| 008 | 150407|1999||||xxc||||| f|0| 0 eng|d |
| 020 | |a0-662-28086-5 |
| 040 | |aCaOODSP|beng |
| 043 | |an-cn--- |
| 086 | 1 |aH46-2/99-235E |
| 110 | 1 |aCanada.|bHealth Canada. |bOffice of Environmental Health Assessment. |
| 245 | 10|aCanadian handbook on health impact assessment : |bvolume 1: the basics |
| 260 | |aOttawa - Ontario : |bHealth Canada. |c1999. |
| 300 | |a110p. in various pagings. : |bgraphs, references, tables ; |c28 cm. |
| 500 | |a"This Handbook examines the need and the procedure necessary to incorporate the assessment of human health effects in the EA process. The Handbook will make reference to the federal and provincial governments' legislated environmental assessment processes; however, the Handbook is not designed to address specific issues associated with the various legislative regimes. Instead, the Handbook is of a general nature, designed to provide guidance, irrespective of which EA process is used."--Page 9. |
| 520 | 3 |aThis Handbook examines the need and the procedure necessary to incorporate the assessment of human health effects in the EA process. The Handbook will make reference to the federal and provincial governments' legislated environmental assessment processes; however, the Handbook is not designed to address specific issues associated with the various legislative regimes. Instead, the Handbook is of a general nature, designed to provide guidance, irrespective of which EA process is used.--Page 9 |
| 563 | |aLoose-leaf |
| 590 | |a00-18|b2000-05-05 |
| 690 | 07|aEnvironmental impact assessment|2gcpds |
| 690 | 07|aHealth|2gcpds |
| 690 | 07|aHealth indicators|2gcpds |
| 775 | 08|tGuide canadien d'évaluation des incidences sur la santé : |w(CaOODSP)9.680841 |
| 776 | 0#|tCanadian handbook on health impact assessment. Volume 1, The basics |w(CaOODSP)9.695399 |
| 986 | |a99-EHD-235 |